[Event "AUT-ch"]
[Site "Vienna"]
[Date "2023.07.30"]
[Round "9"]
[White "Fuchs, Patrick1111"]
[Black "Brustkern, Juergen"]
[Result "1-0"]
[WhiteElo "2041"]
[BlackElo "2165"]
[PlyCount "131"]
[EventDate "2023.07.22"]
[EventType "swiss"]
[EventRounds "9"]
[EventCountry "AUT"]
[SourceTitle "CBM 215 Extra"]
[Source "ChessBase"]
[SourceDate "2023.09.30"]
[SourceVersion "1"]
[SourceVersionDate "2023.09.30"]
[SourceQuality "1"]

1. e4 e5 2. Nf3 Nc6 3. Bb5 g6 4. 0-0 Bg7 5. c3 a6 6. Ba4 d6 7. h3 Bd7 8. d4 Nf6 9. dxe5 dxe5 10. Qe2 0-0 11. Bc2 Nh5 12. Rd1 Qc8 13. Be3 Nd8 14. Qd2 Bc6 15. g4 Nf6 16. Nxe5 Bxe4 17. Nd7 Bxc2 18. Nxf6+ Bxf6 19. Qxc2 Ne6 20. Nd2 Bg5 21. Qd3 f5 22. Bxg5 Nxg5 23. h4 Ne6 24. g5 Rd8 25. Qe2 Re8 26. Re1 Qd7 27. Qc4 Qf7 28. Rad1 Rad8 29. Qb3 Nc5 30. Qxf7+ Kxf7 31. Nf3 Na4 32. Rxd8 Rxd8 33. Re2 c5 34. c4 b5 35. b3 Nc3 36. Re1 Nxa2 37. Ne5+ Kg8 38. Nc6 Rd7 39. Re5 bxc4 40. bxc4 Nb4 41. Ne7+ Kf7 42. Nc8 Nd3 43. Re2 Nb4 44. Re5 Nd3 45. Re2 Kf8 46. Re6 Rd8 47. Nb6 Nb4 48. Re5 Rd6 49. Na4 Nd3 50. Re3 Kf7 51. Nc3 Nb2 52. Re5 Rd3 53. Ne2 Rd1+ 54. Kg2 Nd3 55. Re3 a5 56. Nc3 Nf4+ 57. Kf3 Rd4 58. Nb5 Ne6 59. Nxd4 Nxd4+ 60. Kf4 Nc6 61. Re1 Nd4 62. Re5 Nb3 63. Re3 Nd2 64. Rd3 Nxc4 65. Rc3 Nd6 66. Rxc5 1-0

[Event "AUT-ch"]
[Site "Vienna"]
[Date "2023.07.28"]
[Round "7"]
[White "Erwin Casero, Daniel"]
[Black "Brustkern, Juergen"]
[Result "0-1"]
[WhiteElo "2026"]
[BlackElo "2165"]
[PlyCount "100"]
[EventDate "2023.07.22"]
[EventType "swiss"]
[EventRounds "9"]
[EventCountry "AUT"]
[SourceTitle "CBM 215 Extra"]
[Source "ChessBase"]
[SourceDate "2023.09.30"]
[SourceVersion "1"]
[SourceVersionDate "2023.09.30"]
[SourceQuality "1"]

1. e4 e5 2. Nf3 Nc6 3. Bb5 a6 4. Ba4 d6 5. c3 Bd7 6. 0-0 Nf6 7. Re1 g6 8. d4 Qe7 9. d5 Nb8 10. Bxd7+ Nbxd7 11. c4 Bg7 12. Nc3 0-0 13. b4 a5 14. bxa5 Rxa5 15. Bd2 Nc5 16. Qc2 Rfa8 17. Reb1 c6 18. dxc6 bxc6 19. Be3 Nfd7 20. Nd2 R5a6 21. Nb3 Nf8 22. Nxc5 dxc5 23. Rb3 Ne6 24. Rab1 Qf8 25. Rb6 Nd4 26. Qd2 Ra3 27. R1b2 Rd8 28. Qc1 Qd6 29. h3 Qe6 30. Nd5 Ra7 31. Rb8 Rad7 32. Bxd4 exd4 33. Nf4 Qxe4 34. Re2 Qf5 35. Re8+ Rxe8 36. Rxe8+ Bf8 37. Nd3 Kg7 38. Re5 Qf6 39. Nxc5 Bxc5 40. Rxc5 d3 41. Qd2 h6 42. Ra5 Qe6 43. f4 Qxc4 44. f5 g5 45. f6+ Kxf6 46. Qf2+ Qf4 47. Qe1 d2 48. Qd1 Re7 49. Qa1+ Kg6 50. Qb1+ f5 0-1

[Event "AUT-ch"]
[Site "Vienna"]
[Date "2023.07.23"]
[Round "2"]
[White "Matt, Fabian"]
[Black "Brustkern, Juergen"]
[Result "1-0"]
[WhiteElo "2336"]
[BlackElo "2165"]
[PlyCount "55"]
[EventDate "2023.07.22"]
[EventType "swiss"]
[EventRounds "9"]
[EventCountry "AUT"]
[SourceTitle "CBM 215 Extra"]
[Source "ChessBase"]
[SourceDate "2023.09.30"]
[SourceVersion "1"]
[SourceVersionDate "2023.09.30"]
[SourceQuality "1"]

1. d4 d5 2. Bf4 Nc6 3. e3 Bf5 4. c4 e6 5. Nc3 Nf6 6. Nf3 Be7 7. h3 0-0 8. Rc1 dxc4 9. Bxc4 Na5 10. Be2 Rc8 11. 0-0 c5 12. dxc5 Bxc5 13. Ne5 a6 14. g4 Bg6 15. Bf3 Bb4 16. g5 Bxc3 17. bxc3 Nd5 18. Qd4 f6 19. gxf6 gxf6 20. Bxd5 Qxd5 21. Nd7 Qf5 22. Nxf8 Rxf8 23. Kh2 Nc6 24. Qd7 Rf7 25. Qc8+ Kg7 26. Rcd1 Ne5 27. Rd8 Nf3+ 28. Kg3 1-0

[Event "Berlin-ch Seniors op 39th"]
[Site "Berlin"]
[Date "2023.01.29"]
[Round "6"]
[White "Brustkern, Juergen"]
[Black "Hess, Christian"]
[Result "0-1"]
[WhiteElo "2182"]
[BlackElo "2215"]
[PlyCount "90"]
[EventDate "2023.01.24"]
[EventType "swiss"]
[EventRounds "9"]
[EventCountry "GER"]
[SourceTitle "CBM 212 Extra"]
[Source "ChessBase"]
[SourceDate "2023.03.31"]
[SourceVersion "1"]
[SourceVersionDate "2023.03.31"]
[SourceQuality "1"]

1. f4 Nf6 2. Nf3 g6 3. d3 d5 4. e3 Bg7 5. Be2 0-0 6. 0-0 b6 7. a4 a5 8. Nc3 Ba6 9. Ne5 Nbd7 10. Nc6 Qe8 11. Nb5 Nc5 12. Ne5 Qc8 13. Qe1 Nxa4 14. Nd4 Nc5 15. Qh4 Ncd7 16. Ndc6 Qe8 17. Rf3 Nxe5 18. Nxe5 Bc8 19. g4 Nd7 20. Rh3 h6 21. Bf3 e6 22. e4 g5 23. Qg3 Nxe5 24. fxe5 Bb7 25. Bd2 dxe4 26. dxe4 Qb5 27. Bc3 Qc5+ 28. Qf2 Qxf2+ 29. Kxf2 b5 30. Rxa5 Rxa5 31. Bxa5 Bxe5 32. Rxh6 Ra8 33. b4 Rd8 34. Rh5 f6 35. h4 Bf4 36. hxg5 fxg5 37. Rh6 Rd2+ 38. Ke1 Rxc2 39. Rxe6 Kf7 40. Rh6 Rc4 41. Kf1 Bxe4 42. Bxe4 Rxe4 43. Kf2 Rc4 44. Ke2 Bd6 45. Kf3 Rf4+ 0-1

[Event "Berlin-ch Seniors op 39th"]
[Site "Berlin"]
[Date "2023.01.24"]
[Round "1"]
[White "Brustkern, Juergen"]
[Black "Mayer, Herbert"]
[Result "1-0"]
[WhiteElo "2182"]
[BlackElo "1787"]
[PlyCount "91"]
[EventDate "2023.01.24"]
[EventType "swiss"]
[EventRounds "9"]
[EventCountry "GER"]
[SourceTitle "CBM 212 Extra"]
[Source "ChessBase"]
[SourceDate "2023.03.31"]
[SourceVersion "1"]
[SourceVersionDate "2023.03.31"]
[SourceQuality "1"]

1. f4 Nf6 2. Nf3 d5 3. e3 g6 4. Be2 Bg7 5. 0-0 0-0 6. d3 c5 7. a4 Nc6 8. Kh1 b6 9. Ne5 Bb7 10. Bf3 e6 11. Nxc6 Bxc6 12. Nc3 Rc8 13. e4 d4 14. Ne2 Ne8 15. Ng1 Nd6 16. b3 f5 17. e5 Nf7 18. Bxc6 Rxc6 19. Nf3 h6 20. Nd2 Kh7 21. Nc4 a6 22. Bd2 Rg8 23. b4 cxb4 24. Bxb4 Bf8 25. Rb1 Qc7 26. Qf3 Bc5 27. Bxc5 bxc5 28. a5 g5 29. g3 Nd8 30. Rb3 gxf4 31. Qxf4 Nb7 32. Qf3 Rc8 33. Ra1 Qe7 34. Rab1 Nd8 35. Nd6 R8c7 36. Rb8 Nf7 37. Qf4 Rd7 38. Ne8 Kg6 39. Nf6 Rd8 40. R8b6 Rdc8 41. Rxc6 Rxc6 42. Rb8 Rc8 43. Rb6 Nd8 44. g4 Rc6 45. gxf5+ exf5 46. Qg3+ 1-0

[Event "BL2-Nord 2223"]
[Site "Germany"]
[Date "2022.11.27"]
[Round "4.8"]
[White "Brustkern, Juergen"]
[Black "Eilenberg, Jonas"]
[Result "1/2-1/2"]
[WhiteElo "2145"]
[BlackElo "2240"]
[PlyCount "41"]
[EventDate "2022.10.22"]
[EventType "team-tourn"]
[EventRounds "10"]
[EventCountry "GER"]
[SourceTitle "EXT 2024"]
[Source "ChessBase"]
[SourceDate "2023.10.10"]
[SourceVersion "1"]
[SourceVersionDate "2023.10.10"]
[SourceQuality "1"]
[WhiteTeam "Zehlendorf"]
[BlackTeam "Koenig Tegel"]
[WhiteTeamCountry "GER"]
[BlackTeamCountry "GER"]

1. f4 d5 2. Nf3 Bf5 3. e3 e6 4. Be2 Be7 5. 0-0 Nf6 6. d3 c5 7. Qe1 Nc6 8. Bd1 c4 9. dxc4 dxc4 10. Nfd2 Nb4 11. e4 Qd4+ 12. Kh1 Nxe4 13. c3 Qd7 14. cxb4 Bxb4 15. Bf3 Nc5 16. a3 Nb3 17. axb4 Nxa1 18. Nxc4 Bxb1 19. Bd2 Bd3 20. Ne5 Qb5 21. Nxd3 1/2-1/2

[Event "EU-chT Seniors 50"]
[Site "Dresden"]
[Date "2022.11.04"]
[Round "9.2"]
[White "Teuschler, Hugo"]
[Black "Brustkern, Juergen"]
[Result "0-1"]
[WhiteElo "1997"]
[BlackElo "2145"]
[PlyCount "100"]
[EventDate "2022.10.27"]
[EventType "team-swiss"]
[EventRounds "9"]
[EventCountry "GER"]
[SourceTitle "EXT 2024"]
[Source "ChessBase"]
[SourceDate "2023.10.10"]
[SourceVersion "1"]
[SourceVersionDate "2023.10.10"]
[SourceQuality "1"]
[WhiteTeam "Graz 50"]
[BlackTeam "Berlin 50 II"]
[WhiteTeamCountry "AUT"]
[BlackTeamCountry "GER"]

1. e4 e5 2. Nf3 Nc6 3. Nc3 g6 4. Bb5 Bg7 5. 0-0 a6 6. Bxc6 dxc6 7. h3 Ne7 8. d3 c5 9. Be3 b6 10. Qd2 h6 11. a4 a5 12. Nb5 f5 13. exf5 Nxf5 14. Nc3 0-0 15. Ne4 Bb7 16. Qe2 Qd7 17. Nfd2 Rae8 18. b3 Qf7 19. Rac1 g5 20. Kh2 Qg6 21. Rg1 Rf7 22. Rce1 Bf8 23. Nf1 Bc6 24. Nfg3 Ng7 25. Rgf1 Be7 26. Qd2 Kh7 27. Kg1 Bd8 28. Qc1 Ne6 29. Qd1 Nf4 30. Nh1 Rg7 31. Kh2 Re6 32. f3 h5 33. Nhf2 Qf7 34. Qc1 Reg6 35. Rh1 Rg8 36. Kg1 Rf8 37. Qd1 Be7 38. Qc1 c4 39. dxc4 Nxg2 40. Kxg2 Qxf3+ 41. Kh2 Bxe4 42. Nxe4 Qxe4 43. Rhf1 Rgf6 44. Rxf6 Rxf6 45. Rf1 Rxf1 46. Qxf1 Qxc2+ 47. Kg1 Kg6 48. h4 Qxb3 49. Kf2 g4 50. Qh1 Qxc4 0-1

[Event "GER-ch Rapid 48th"]
[Site "Goettingen"]
[Date "2022.09.24"]
[Round "1"]
[White "Brustkern, Juergen"]
[Black "Lubbe, Nikolas"]
[Result "0-1"]
[WhiteElo "2145"]
[BlackElo "2479"]
[PlyCount "42"]
[EventDate "2022.09.24"]
[EventType "swiss (rapid)"]
[EventRounds "9"]
[EventCountry "GER"]
[SourceTitle "CBM 210 Extra"]
[Source "ChessBase"]
[SourceDate "2022.11.30"]
[SourceVersion "1"]
[SourceVersionDate "2022.11.30"]
[SourceQuality "1"]

1. d4 Nf6 2. Bg5 c5 3. d5 d6 4. Nc3 Nbd7 5. e4 a6 6. a4 g6 7. f4 Bg7 8. Nf3 h6 9. Bh4 Nh5 10. Qd2 Qa5 11. Ra3 Qb4 12. Rb3 Bxc3 13. Rxc3 Qxb2 14. g3 g5 15. fxg5 hxg5 16. Nxg5 Ne5 17. Be2 Qa1+ 18. Bd1 Qxa4 19. 0-0 Nf6 20. Nf3 Nxe4 21. Qf4 Nxc3 0-1

[Event "Berlin Teschner Memorial"]
[Site "Berlin"]
[Date "2022.05.28"]
[Round "5"]
[White "Tscheuschner, Georg"]
[Black "Brustkern, Juergen"]
[Result "1/2-1/2"]
[WhiteElo "2150"]
[BlackElo "2179"]
[PlyCount "75"]
[EventDate "2022.05.26"]
[EventType "swiss"]
[EventRounds "7"]
[EventCountry "GER"]
[SourceTitle "CBM 208 Extra"]
[Source "ChessBase"]
[SourceDate "2022.07.31"]
[SourceVersion "1"]
[SourceVersionDate "2022.07.31"]
[SourceQuality "1"]

1. Nf3 d5 2. e3 Nc6 3. d4 Bg4 4. c4 e5 5. Qb3 Bxf3 6. gxf3 Nge7 7. Nc3 exd4 8. Nxd5 Rb8 9. Bd2 Ng6 10. exd4 Nxd4 11. Qe3+ Ne6 12. 0-0-0 Bc5 13. Qe4 0-0 14. h4 c6 15. h5 cxd5 16. cxd5 Ng5 17. Qg4 Ne5 18. Qxg5 Qxg5 19. Bxg5 f6 20. Bf4 Bd6 21. Bh3 g5 22. Be6+ Kh8 23. Bg3 Rbd8 24. f4 Nf7 25. Rd4 h6 26. Rhd1 Kg7 27. R1d3 Rfe8 28. fxg5 hxg5 29. Bxf7 Kxf7 30. Rc4 f5 31. Bxd6 Rxd6 32. Rc7+ Re7 33. Rxe7+ Kxe7 34. Rc3 Kd7 35. Rg3 g4 36. f3 Rxd5 37. Kc2 gxf3 38. Rxf3 1/2-1/2

[Event "Berlin-ch"]
[Site "Berlin"]
[Date "2022.04.23"]
[Round "9"]
[White "Brustkern, Juergen"]
[Black "Roehr, Oliver"]
[Result "0-1"]
[WhiteElo "2218"]
[BlackElo "2030"]
[PlyCount "48"]
[EventDate "2022.04.15"]
[EventType "swiss"]
[EventRounds "9"]
[EventCountry "GER"]
[SourceTitle "CBM 207 Extra"]
[Source "ChessBase"]
[SourceDate "2022.05.31"]
[SourceVersion "1"]
[SourceVersionDate "2022.05.31"]
[SourceQuality "1"]

1. c4 f5 2. d4 Nf6 3. Nc3 d6 4. Bg5 Nbd7 5. Qc2 g6 6. Nh3 e5 7. dxe5 dxe5 8. 0-0-0 h6 9. Bh4 Bg7 10. e4 g5 11. f4 gxh4 12. fxe5 Nxe4 13. Nxe4 fxe4 14. e6 Qe7 15. exd7+ Bxd7 16. Nf4 0-0-0 17. g3 Kb8 18. Bg2 Rhe8 19. Rhe1 e3 20. Qb3 Bc8 21. Rxd8 Qxd8 22. Rxe3 Bxb2+ 23. Kb1 Qd2 24. Rxe8 Qc1# 0-1

[Event "Millennium Hybrid Masters"]
[Site "Tornelo INT"]
[Date "2022.03.09"]
[Round "2.5"]
[White "Stelmaszyk, Nico"]
[Black "Brustkern, Juergen"]
[Result "1-0"]
[WhiteElo "2304"]
[BlackElo "2218"]
[PlyCount "71"]
[EventDate "2022.03.09"]
[EventType "team-tourn"]
[EventRounds "5"]
[EventCountry "GER"]
[SourceTitle "EXT 2023"]
[Source "ChessBase"]
[SourceDate "2022.10.05"]
[SourceVersion "1"]
[SourceVersionDate "2022.10.05"]
[SourceQuality "1"]
[WhiteTeam "Niedersachsen Schachverband"]
[BlackTeam "Berlin Mariendorf"]
[WhiteTeamCountry "GER"]
[BlackTeamCountry "GER"]

1. e4 g6 2. d4 Bg7 3. c3 d6 4. Bd3 e5 5. Ne2 Nf6 6. 0-0 0-0 7. f4 Bg4 8. h3 Bxe2 9. Qxe2 exd4 10. cxd4 Nc6 11. Be3 Nb4 12. Nc3 Re8 13. Rae1 Nh5 14. Rf3 Nxd3 15. Qxd3 c6 16. Bf2 b5 17. e5 b4 18. Ne4 Nxf4 19. Rxf4 dxe5 20. Rf3 f5 21. Nc5 e4 22. Qc4+ Qd5 23. Qxd5+ cxd5 24. Rb3 a5 25. Be3 f4 26. Bxf4 Bxd4+ 27. Be3 Bxe3+ 28. Rbxe3 Rec8 29. Nb3 Rc4 30. Rd1 a4 31. Nd4 Rac8 32. b3 Rc1 33. Ree1 Rxd1 34. Rxd1 axb3 35. Nxb3 Rc2 36. Rd2 1-0

[Event "Berlin-ch Seniors op 38th"]
[Site "Berlin"]
[Date "2022.02.01"]
[Round "8"]
[White "Brustkern, Juergen"]
[Black "Kreutzkamp, Hans Rudolf"]
[Result "1-0"]
[WhiteElo "2226"]
[BlackElo "2108"]
[PlyCount "131"]
[EventDate "2022.01.25"]
[EventType "swiss"]
[EventRounds "9"]
[EventCountry "GER"]
[SourceTitle "EXT 2023"]
[Source "ChessBase"]
[SourceDate "2022.10.05"]
[SourceVersion "1"]
[SourceVersionDate "2022.10.05"]
[SourceQuality "1"]

1. e4 e5 2. Nc3 Nf6 3. d4 exd4 4. Qxd4 Nc6 5. Qd3 Bc5 6. Bf4 0-0 7. f3 Re8 8. 0-0-0 d6 9. g4 Be6 10. Qd2 a6 11. Nge2 Ne5 12. Nd4 b5 13. Nxe6 Rxe6 14. Be2 Nfd7 15. Bg5 f6 16. Be3 c6 17. f4 Nf7 18. Bf3 Rc8 19. h4 Qa5 20. Kb1 Bxe3 21. Qxe3 Nc5 22. Qd4 b4 23. Ne2 Na4 24. Qc4 Re7 25. Rxd6 c5 26. Rxa6 Nb6 27. Qxf7+ Kxf7 28. Rxa5 Nc4 29. Ra6 Nd2+ 30. Kc1 Nxf3 31. Ng3 Rd7 32. g5 Rcd8 33. a3 Rd2 34. Nf5 Re2 35. Nd6+ Kf8 36. gxf6 gxf6 37. axb4 Nd4 38. c3 Nb3+ 39. Kb1 cxb4 40. cxb4 Nd2+ 41. Ka2 Nxe4 42. Nxe4 Rxe4 43. Rxf6+ Kg7 44. Rf5 Rxb4 45. Rg1+ Kh8 46. Rg3 Rdb8 47. b3 R4b7 48. Rc5 Rf7 49. Rc4 Rbf8 50. Rf3 Kg7 51. b4 Kh6 52. b5 Kh5 53. f5 Ra8+ 54. Ra3 Rb8 55. Rb3 Rxf5 56. b6 h6 57. b7 Rf7 58. Rb5+ Kg6 59. h5+ Kg7 60. Rcb4 Kf8 61. Ka3 Ke8 62. Rb6 Rh7 63. Ka4 Kf8 64. Ka5 Kg8 65. Ka6 Kh8 66. Rc6 1-0

[Event "Berlin-ch Seniors op 38th"]
[Site "Berlin"]
[Date "2022.01.28"]
[Round "4"]
[White "Brustkern, Juergen"]
[Black "Federau, Juergen"]
[Result "1-0"]
[WhiteElo "2226"]
[BlackElo "2124"]
[PlyCount "61"]
[EventDate "2022.01.25"]
[EventType "swiss"]
[EventRounds "9"]
[EventCountry "GER"]
[SourceTitle "EXT 2023"]
[Source "ChessBase"]
[SourceDate "2022.10.05"]
[SourceVersion "1"]
[SourceVersionDate "2022.10.05"]
[SourceQuality "1"]

1. f4 d5 2. Nf3 g6 3. e3 Bg7 4. Be2 c5 5. 0-0 Nc6 6. d3 Nf6 7. a4 0-0 8. Ne5 Qd6 9. Nxc6 Qxc6 10. Bf3 Qd6 11. Nc3 Rd8 12. e4 dxe4 13. dxe4 Qxd1 14. Bxd1 Be6 15. Bf3 Bc4 16. Re1 e5 17. fxe5 Nd7 18. Bg5 Re8 19. Nd5 Bxd5 20. exd5 Bxe5 21. c3 f6 22. Bg4 f5 23. Be2 Bf6 24. Bh6 Kf7 25. a5 Rad8 26. a6 b6 27. Bb5 Rxe1+ 28. Rxe1 Nf8 29. Bf4 Be7 30. Rxe7+ Kxe7 31. Bg5+ 1-0

[Event "Berlin-ch Seniors op 38th"]
[Site "Berlin"]
[Date "2022.01.27"]
[Round "3"]
[White "Kollberg, Lothar"]
[Black "Brustkern, Juergen"]
[Result "1/2-1/2"]
[WhiteElo "2022"]
[BlackElo "2226"]
[PlyCount "104"]
[EventDate "2022.01.25"]
[EventType "swiss"]
[EventRounds "9"]
[EventCountry "GER"]
[SourceTitle "EXT 2023"]
[Source "ChessBase"]
[SourceDate "2022.10.05"]
[SourceVersion "1"]
[SourceVersionDate "2022.10.05"]
[SourceQuality "1"]

1. d4 Nf6 2. c4 g6 3. g3 Bg7 4. Bg2 0-0 5. Nf3 d6 6. 0-0 Nc6 7. Nc3 e5 8. dxe5 dxe5 9. Bg5 Be6 10. Qa4 Qc8 11. Bxf6 Bxf6 12. Nd5 Bg7 13. Qxc6 bxc6 14. Ne7+ Kh8 15. Nxc8 Raxc8 16. Rac1 h6 17. Nd2 f5 18. Bxc6 Rfd8 19. Nb3 Rd6 20. Na5 Rd2 21. e3 Rxb2 22. a4 Bf8 23. c5 Rd8 24. Nc4 Bxc4 25. Rxc4 Rdd2 26. Kg2 Rbc2 27. Rxc2 Rxc2 28. Be8 Kg7 29. Rd1 Bxc5 30. Rd7+ Kf8 31. Bxg6 Bxe3 32. Rf7+ Kg8 33. Rxf5 Kg7 34. Be8 Bd4 35. h4 c5 36. Rf7+ Kg8 37. Rxa7 Rxf2+ 38. Kh3 e4 39. Bb5 e3 40. a5 e2 41. Re7 Bc3 42. Rxe2 Rxe2 43. Bxe2 Bxa5 44. Kg4 Kg7 45. Kf5 Be1 46. Kf4 Kf6 47. h5 Bd2+ 48. Ke4 Be1 49. g4 Kg5 50. Kd5 Bf2 51. Ke4 c4 52. Bxc4 Kxg4 1/2-1/2

[Event "Berlin-ch Seniors op 37th"]
[Site "Berlin"]
[Date "2021.06.15"]
[Round "8"]
[White "Martin, Sebastian"]
[Black "Brustkern, Juergen"]
[Result "0-1"]
[WhiteElo "2256"]
[BlackElo "2194"]
[PlyCount "158"]
[EventDate "2021.06.08"]
[EventType "swiss"]
[EventRounds "9"]
[EventCountry "GER"]
[SourceTitle "EXT 2022"]
[Source "ChessBase"]
[SourceDate "2021.10.06"]
[SourceVersion "1"]
[SourceVersionDate "2021.10.06"]
[SourceQuality "1"]

1. d4 f5 2. g3 Nf6 3. Bg2 e6 4. c3 Be7 5. Qb3 Nc6 6. Nd2 d5 7. Nh3 a5 8. 0-0 e5 9. dxe5 Nxe5 10. Nf3 Nf7 11. Nf4 g5 12. Nd3 Ne4 13. Nd2 h5 14. Qc2 h4 15. f3 hxg3 16. fxe4 dxe4 17. Nxe4 fxe4 18. Bxe4 Be6 19. hxg3 Qd6 20. Rf3 Bg4 21. Re3 Rh3 22. Qa4+ c6 23. Bxc6+ Qxc6 24. Qxc6+ bxc6 25. Nf2 Bd7 26. Nxh3 Bxh3 27. Re4 Nd6 28. Ra4 Be6 29. b3 Nb5 30. Bd2 Rd8 31. Be1 Bc5+ 32. Bf2 Bxf2+ 33. Kxf2 Nxc3 34. Rxa5 Ke7 35. Ra7+ Kf6 36. Rc1 Ne4+ 37. Ke3 Bd5 38. Rf1+ Ke6 39. g4 Nf6 40. Rg1 Rh8 41. Rg7 Ne4 42. Kd3 Rh3+ 43. Kc2 Ke5 44. Rf1 Rg3 45. Rf5+ Kd4 46. Rfxg5 Rc3+ 47. Kb2 Nxg5 48. Rxg5 Re3 49. Rg7 Rxe2+ 50. Ka3 c5 51. Rd7 Rg2 52. g5 Rxg5 53. Ka4 Rg2 54. Ka3 c4 55. bxc4 Kxc4 56. Rc7+ Kb5 57. Rc2 Rg3+ 58. Kb2 Kb4 59. Rh2 Bc4 60. Rc2 Bg8 61. Rf2 Bd5 62. Rf4+ Bc4 63. Rf2 Ra3 64. Kb1 Kc3 65. Rc2+ Kd3 66. Rh2 Ra8 67. Rh3+ Kd2 68. Rh2+ Kc3 69. Rc2+ Kd3 70. Rh2 Rb8+ 71. Kc1 Rb6 72. Rd2+ Ke3 73. Rh2 Bd3 74. Rh3+ Kd4 75. Kd2 Rb2+ 76. Ke1 Re2+ 77. Kd1 Kc3 78. a4 Rf2 79. Rh1 Ra2 0-1

[Event "Berlin-ch Seniors op 37th"]
[Site "Berlin"]
[Date "2021.06.14"]
[Round "7"]
[White "Pfitzer, Norbert"]
[Black "Brustkern, Juergen"]
[Result "0-1"]
[WhiteElo "2077"]
[BlackElo "2194"]
[PlyCount "50"]
[EventDate "2021.06.08"]
[EventType "swiss"]
[EventRounds "9"]
[EventCountry "GER"]
[SourceTitle "EXT 2022"]
[Source "ChessBase"]
[SourceDate "2021.10.06"]
[SourceVersion "1"]
[SourceVersionDate "2021.10.06"]
[SourceQuality "1"]

1. Nf3 f5 2. d4 Nf6 3. c4 e6 4. g3 Be7 5. Bg2 0-0 6. 0-0 d6 7. Nc3 a5 8. b3 Ne4 9. Qc2 Nxc3 10. Qxc3 Nc6 11. Bb2 Bf6 12. Rfd1 Qe8 13. a3 e5 14. dxe5 dxe5 15. e3 Qh5 16. Qc2 f4 17. exf4 Bf5 18. Qc1 Bg4 19. Rd3 Qg6 20. Rd5 exf4 21. Bxf6 Qxf6 22. gxf4 Bxf3 23. Bxf3 Nd4 24. Bd1 Rae8 25. Re5 Rxe5 0-1

[Event "Berlin-ch Seniors op 37th"]
[Site "Berlin"]
[Date "2021.06.13"]
[Round "6"]
[White "Brustkern, Juergen"]
[Black "Syre, Christian"]
[Result "1-0"]
[WhiteElo "2194"]
[BlackElo "2233"]
[PlyCount "91"]
[EventDate "2021.06.08"]
[EventType "swiss"]
[EventRounds "9"]
[EventCountry "GER"]
[SourceTitle "EXT 2022"]
[Source "ChessBase"]
[SourceDate "2021.10.06"]
[SourceVersion "1"]
[SourceVersionDate "2021.10.06"]
[SourceQuality "1"]

1. d4 d6 2. e4 Nc6 3. Nc3 Nf6 4. f3 e5 5. d5 Nb8 6. Be3 c6 7. Bc4 Nbd7 8. Bb3 Be7 9. Nge2 a6 10. a4 c5 11. 0-0 0-0 12. Kh1 Ne8 13. Qd2 b6 14. Nd1 Rb8 15. Nf2 b5 16. axb5 axb5 17. c3 Nb6 18. Ra7 Bd7 19. g3 Ra8 20. Rxa8 Qxa8 21. h4 f5 22. Bxc5 Nc4 23. Bxc4 bxc4 24. Be3 Nf6 25. Bg5 fxe4 26. Bxf6 gxf6 27. Nxe4 f5 28. Ng5 h6 29. Nh3 Kg7 30. f4 Rc8 31. Kh2 Rc5 32. Rd1 Qb7 33. fxe5 dxe5 34. d6 Bf6 35. Qc2 Rb5 36. Rd2 Rb6 37. g4 fxg4 38. Ng3 gxh3 39. Nh5+ Kh8 40. Nxf6 Bf5 41. d7 Rxf6 42. d8Q+ Kg7 43. Qxf5 Rxf5 44. Rd7+ Rf7 45. Rxb7 Rxb7 46. Kxh3 1-0

[Event "BL2-Nord 1920"]
[Site "Germany"]
[Date "2019.10.20"]
[Round "2.8"]
[White "Brustkern, Juergen"]
[Black "Wachinger, Nikolas"]
[Result "1/2-1/2"]
[WhiteElo "2208"]
[BlackElo "2297"]
[PlyCount "46"]
[EventDate "2019.10.19"]
[EventType "team-tourn"]
[EventRounds "9"]
[EventCountry "GER"]
[SourceTitle "CBM 194 Extra"]
[Source "ChessBase"]
[SourceDate "2020.03.31"]
[SourceVersion "1"]
[SourceVersionDate "2020.03.31"]
[SourceQuality "1"]
[WhiteTeam "Zehlendorf"]
[BlackTeam "Werder Bremen II"]
[WhiteTeamCountry "GER"]
[BlackTeamCountry "GER"]

1. c4 g6 2. Nc3 Bg7 3. d4 Nf6 4. e4 d6 5. f4 c5 6. dxc5 Qa5 7. Bd3 Qxc5 8. Nf3 0-0 9. Qe2 Nc6 10. Be3 Qa5 11. 0-0 Ng4 12. Bd2 Nd4 13. Nxd4 Bxd4+ 14. Kh1 Qh5 15. h3 Nf6 16. Qxh5 Nxh5 17. Kh2 f5 18. exf5 gxf5 19. Rae1 e5 20. Nb5 Bxb2 21. Rb1 Bd4 22. Nc7 Rb8 23. Na6 Ra8 1/2-1/2

[Event "Vienna op"]
[Site "Vienna"]
[Date "2019.08.18"]
[Round "2"]
[White "Bakhmatsky, Vladislav"]
[Black "Brustkern, Juergen"]
[Result "1-0"]
[WhiteElo "2442"]
[BlackElo "2217"]
[PlyCount "75"]
[EventDate "2019.08.17"]
[EventType "swiss"]
[EventRounds "9"]
[EventCountry "AUT"]
[SourceTitle "EXT 2020"]
[Source "ChessBase"]
[SourceDate "2019.10.17"]
[SourceVersion "1"]
[SourceVersionDate "2019.10.17"]
[SourceQuality "1"]

1. e4 e5 2. Nf3 Nc6 3. Bb5 a6 4. Ba4 d6 5. c3 Bd7 6. d4 g6 7. 0-0 Bg7 8. Re1 b5 9. Bc2 Nf6 10. h3 0-0 11. Be3 Re8 12. Nbd2 Rb8 13. a3 a5 14. d5 Ne7 15. a4 c6 16. dxc6 Bxc6 17. axb5 Rxb5 18. Ra2 Qb8 19. b3 d5 20. c4 dxc4 21. bxc4 Rb2 22. Rxa5 Qb4 23. Ra6 Nd7 24. Ba4 Rc8 25. Bxc6 Nxc6 26. Ra4 Qe7 27. Nb3 Rb8 28. Na5 Nd8 29. Ra1 Rc8 30. Bc1 Rbb8 31. Ba3 Nc5 32. Nb3 Rxb3 33. Bxc5 Qb7 34. Ra7 Qb8 35. Rd7 Ne6 36. Bd6 Qb6 37. Bxe5 Rxc4 38. Nd2 1-0

[Event "Rhein Main op-A 22nd"]
[Site "Bad Homburg"]
[Date "2019.06.22"]
[Round "6"]
[White "Brustkern, Juergen"]
[Black "Kolthoff, Siegmund"]
[Result "1/2-1/2"]
[WhiteElo "2222"]
[BlackElo "2058"]
[PlyCount "96"]
[EventDate "2019.06.19"]
[EventType "swiss"]
[EventRounds "9"]
[EventCountry "GER"]
[SourceTitle "EXT 2020"]
[Source "ChessBase"]
[SourceDate "2019.10.17"]
[SourceVersion "1"]
[SourceVersionDate "2019.10.17"]
[SourceQuality "1"]

1. e4 c5 2. d3 Nc6 3. f4 g6 4. Nf3 Bg7 5. Be2 e6 6. 0-0 Nge7 7. c3 0-0 8. Be3 b6 9. Nbd2 Bb7 10. Qe1 d6 11. Qh4 Qd7 12. Rae1 f5 13. Bf2 Rae8 14. Bd1 h6 15. a3 Ba6 16. Be2 Bb7 17. Rc1 Rf7 18. Be3 Ba6 19. Rfe1 Ref8 20. Bf1 Bb7 21. b4 Ba6 22. Rc2 fxe4 23. dxe4 Bxf1 24. Nxf1 a5 25. b5 Nd8 26. a4 Qc7 27. Qg3 d5 28. Ne5 Rf6 29. Nd2 Kh7 30. Qh4 Nb7 31. Ndf3 dxe4 32. Ng5+ Kg8 33. Nxe4 Rf5 34. g4 Rxf4 35. Bxf4 Rxf4 36. Nd3 Rf3 37. Nef2 Nd8 38. g5 hxg5 39. Qxg5 Rf5 40. Qg3 Qb7 41. Ne4 Nf7 42. Qg2 Qd5 43. Ndf2 Ne5 44. Rd1 Qb3 45. Rd8+ Kh7 46. Rc1 Qxa4 47. Kh1 Bh6 48. Rcd1 Nd5 1/2-1/2